| 000 | 00645nam a2200181 a 4500 | ||
|---|---|---|---|
| 008 | 160923s2007 ||||||||||||||||| || u | ||
| 020 | _a9780007178360 | ||
| 050 | _aPS 3553.H4367B87 | ||
| 100 | _aChevalier, Tracy | ||
| 245 | 1 | 0 |
_aBurning bright _cTracy Chevalier |
| 260 |
_aLondon _bHarperCollins Publishers _c2007 |
||
| 260 |
_aLondon _bHarper _c2007 |
||
| 300 | _a390 p. | ||
| 350 | _a8.49 | ||
| 650 | _aENGLISH LANGUAGE | ||
| 856 | _uhttp://www.loc.gov/catdir/toc/ecip0619/2006026898.html | ||
| 995 |
_aFICTION Collection _e746793 _FCBU-MAIN LIBRARY (Kitwe) _I8.49 _jPS 3553.H4367 B87 _M1 _UAVAILABLE _WSep 23, 2016 _y746793 _ZFiction Collection |
||
| 999 |
_c77848 _d77848 |
||